| 000 | 00842cam a2200289Ma 4500 | ||
|---|---|---|---|
| 001 | 73028 | ||
| 005 | 20230410120720.0 | ||
| 008 | 800709s1979 fr b 000 0 fre d | ||
| 035 | _a(OCoLC)ocn219891885 | ||
| 040 |
_aAU@ _beng _cAU@ _dOCLCQ |
||
| 015 | _aF*** | ||
| 020 | _a2724604296 | ||
| 020 | _a9782724604290 | ||
| 029 | 0 |
_aAU@ _b000001763102 |
|
| 035 | _a(OCoLC)219891885 | ||
| 050 | 1 | 4 |
_aHQ799.2.P _bM914j 1979 |
| 082 | 0 | 4 |
_a305.2/3 _219 |
| 100 | 1 | _aMossuz-Lavau, Janine. | |
| 245 | 1 | 4 |
_aLes jeunes [i.e. et] la gauche / _cJanine Mossuz-Lavau. |
| 260 |
_aParis : _bPresses de la Fondation nationale des sciences politiques, _cc1979. |
||
| 300 |
_a186 p. ; _c24 cm. |
||
| 504 | _aIncludes bibliographical references. | ||
| 650 | 0 |
_aYouth _xPolitical activity. |
|
| 942 |
_2lcc _cbk |
||
| 946 | _amfcruz | ||
| 994 |
_aC0 _bDRFGD |
||
| 999 |
_c50417 _d50417 |
||